000 00603cam a22001814a 4500
005 20250605164401.0
008 250528s ||||||||||||||||||||||||d
035 _a24574
040 _aGR-AtMCL
_bgre
_dGR-AtMCL
_eAACR2
245 1 _aShaping the Future of Train Stations
260 _bGlobal Railway Review,
_c2021
300 _a56
520 _aThe Hamburg/ Bremen-Hangover Project Moves Towards, Digital Twins: Developments and Opportunities, Deploying Innovation to Improve Level Crossing Safety.
700 1 _aWaters Craig
_99421
942 _cCR
999 _c9445
_d9445